[Event "FRA-chT Top 16 GpA"]
[Site "Mulhouse"]
[Date "2005.02.04"]
[Round "1"]
[White "Galdunts, Sergey"]
[Black "Maes, Wim"]
[Result "1-0"]
[WhiteElo "2489"]
[BlackElo "2304"]
[Annotator "Roiz,M"]
[PlyCount "83"]
[EventDate "2005.02.04"]
[EventType "team"]
[EventRounds "7"]
[EventCountry "FRA"]
[SourceTitle "CBM 106"]
[Source "ChessBase"]
[SourceDate "2005.06.06"]
[SourceVersion "1"]
[SourceVersionDate "2005.06.06"]
[SourceQuality "1"]

1. e4 c5 2. Nf3 e6 3. d3 Nc6 4. g3 g6 5. Bg5 {An original move which was
introduced by Oleg Romanishin.} Qc7 {The statement of black's queen has its
drawbacks.} ({The alternatives are:} 5... f6) (5... Qb6) 6. Bg2 Bg7 7. c3 (7.
Nc3 Nge7 8. O-O a6 9. Qd2 h6 10. Be3 Nd4 11. Ne1 d6 12. Nd1 e5 13. f4 Be6 14.
fxe5 dxe5 15. c3 Nb5 16. Qf2 Rc8 17. a4 Nd6 18. a5 O-O $15 {0-1 Miroshnichenko,
E-Polgar,J/Ohrid 2001/CBM 84 (88)}) 7... e5 $6 {That move looks dubiously at
this moment.} ({The main line is:} 7... Nge7 8. O-O O-O {--> see comments to
0-1 Sorin,M-Rotstein,A/France 2003/CBM 95/[Gofshtein,L] (23)}) 8. O-O Nge7 9.
Na3 O-O 10. Nb5 $146 {In my opinion,there is no reason for that tempting
move-white could exploit some vulnerablity of Qc7 later.} ({White's play in
the following game looks more logical:} 10. Be3 d6 11. d4 exd4 12. cxd4 Bg4 13.
dxc5 dxc5 14. Bxc5 Bxb2 15. Rb1 Ne5 16. Bd6 Nxf3+ 17. Bxf3 Bxf3 18. Bxc7 Bxd1
19. Rxb2 Bf3 20. Bd6 Rfe8 21. Nb5 $36 {1-0 Beshukov,S-Riazantsev,A/Moscow 1998/
EXT 99 (54)}) 10... Qb8 11. d4 {Ofcourse,white's previous move was connected
with that typical advance.} a6 12. Na3 cxd4 13. cxd4 exd4 14. Bf4 ({White
could get a small but stable advantage after:} 14. Nc2 $5 d5 15. exd5 Nxd5 16.
Nfxd4 Nxd4 17. Nxd4 $14) 14... d6 (14... Qa7 15. Bd6 Re8 16. Rc1 b6 (16... b5
17. Bc5 Qb8 18. Nxd4 $14) 17. b4 $1 Bb7 18. b5 $36) 15. Nc4 Ne5 $6 {Black is
trying to simplify the position,but that takes much time and allows white to
attack the key pawn d6.} (15... Rd8 16. Nb6 Ra7 {[%cal Gc8e6,Ge7c8] white has
a sufficient compensation for the pawn,but black's position is solid enough.})
16. Nb6 Nxf3+ $2 {Black doesn't want to give the pawn back,but that only adds
problems...} ({At the same time,after the correct} 16... Ra7 $142 17. Nxd4 N7c6
$14 {black's position is quite defensible.} 18. Be3 $140 $6 Ng4 $132) 17. Qxf3
Ra7 18. Qa3 $1 {That powerful manoevre was probably overlooked by black. White
gets a full domination.} (18. Nc4 $143 $6 Be6 19. Bxd6 (19. Nxd6 Qd8 $132 {
[%csl Rd6][%cal Gg6g5]}) 19... Qd8 20. Qa3 Re8 $132) 18... Rd8 $8 19. Nc4 (19.
e5 Nc6 20. exd6 Be6 21. Rac1 $16) 19... b5 $2 {An additional move which leads
to a lost position.} ({It was necessary to improve the placement of Qb8:} 19...
Qc7 20. Rac1 (20. Nxd6 Qd7 21. Qc5 Nc6 22. e5 Qe7 $14) 20... Qc5 21. b4 Qh5 22.
Nxd6 $16 {in this position white has an obvious advantage,but black is still
in the game.}) 20. Bxd6 $1 {An energetical choice.} ({Less convincing would be:
} 20. Nxd6 $143 Qb6 21. Nxc8 Rxc8 22. Bd6 Bf8 23. Rac1 $14) 20... Qb7 21. e5 $6
{Missing a forced win.} ({Much stronger would be:} 21. Na5 $142 Qd7 22. Bxe7
Qxe7 23. Qxe7 Rxe7 24. Nc6 Ree8 25. Nxd8 Rxd8 26. Rfd1 $18) 21... Qd7 $8 22.
Nb6 ({I would prefer:} 22. Na5 Qe8 (22... d3 23. Qc5 Nf5 24. Nc6 $18) 23. f4
$16 {and black's pieces are blocked by white's pawns chain.}) 22... Qe6 ({
Maybe black could reach more counterchances after:} 22... Qe8 $5 23. Bb8 b4 $1
(23... Rb7 $2 {fails to:} 24. Nxc8 b4 25. Qxa6 Rxb8 26. Nd6 Qd7 27. f4 Nc8 28.
Nb7 $1 Rf8 29. Rfd1 $18) 24. Qxb4 Rb7 25. Bd6 Nc6 $16) 23. Rfe1 $2 {Taking
control of important Pe5. At the same time,that move is not energetical enough
and gives black an excellent opportunity of getting counteplay.} ({The
following possibilities were much stronger:} 23. Qc5 $5 Re8 24. Rfd1 $16) ({or
} 23. Rac1 $5 $16) 23... Bf8 $1 {An excellent resourse,which,however,wasn't
connected with a right idea!} 24. Rac1 ({After} 24. Qc5 Bb7 $1 (24... d3 $2 25.
Rad1 $18) 25. Nd5 Bxd5 26. Qxa7 Bxg2 27. Kxg2 Qd5+ 28. Kg1 Nc6 $132 {black has
an obvious compensation for some deficit of material.}) 24... a5 $2 {Missing a
great chance!} ({A very complicated position could arise after} 24... Bb7 $142
$1 25. Rc7 Bxg2 26. Rxa7 Bh3 $1 27. Qc5 (27. Bxe7 $4 Qc6 28. f3 Qc2 $19) 27...
d3 $1 $132 {[%csl Gd3,Rg1] In my opinion,black is at least not worse here.} ({
an effect} 27... Nc6 $2 {fails to} 28. Bxf8 Nxa7 29. Be7 Rb8 30. Nd5 $16)) 25.
b4 a4 ({Now} 25... Bb7 {can be met by:} 26. Bxb7 Rxb7 27. bxa5 $16) 26. Nxc8
Rxc8 ({Badly looks also:} 26... Nxc8 27. Bxf8 Kxf8 28. Rc6 $16) 27. Rc5 $1 {
Now white's pieces gets a full domination,while black is totally passive.
Actually,black cannot avoid an exchange of the rooks which will create a
strong passed pawn.} Rxc5 28. bxc5 Nd5 $2 {A decisive mistake.} ({At the same
time,white's task would be much harder after the correct:} 28... Nf5 29. Rb1 (
29. Bxf8 Kxf8 30. c6+ Qe7 $16) 29... Bg7 30. f4 f6 $16) 29. Qd3 $18 {Now white
wins an important pawn.} Nb4 {That loses immediately.} ({But hopeless was also:
} 29... Ne7 30. Qxb5 Qxa2 31. Qb8 Qd2 32. Rf1 Qa5 33. c6 $18) ({or} 29... Rd7
30. Qxb5 $18) 30. Qxb5 Nc2 (30... Nxa2 31. Bxf8 Kxf8 32. Qb8+ $18) 31. Qb8 {
Black cannot avoid a serious loss of material. The rest is just an agony.} Re7
32. Bd5 ({Good enough was also:} 32. Bxe7 Qxe7 33. c6 Nxe1 34. c7 $18) 32...
Re8 (32... Qd7 33. e6 fxe6 34. Bxe6+ Rxe6 35. Qxf8#) 33. Qb7 Qf5 34. Be4 Nxe1 (
34... Qe6 35. Bxc2 $18) 35. Bxf5 gxf5 36. Kf1 Nc2 37. Qd7 Ra8 38. e6 fxe6 39.
Qxe6+ Kh8 40. Be5+ Bg7 41. c6 d3 42. c7 1-0

[Event "POL-ch"]
[Site "Warsaw"]
[Date "2018.05.14"]
[Round "3"]
[White "Piorun, Kacper"]
[Black "Krasenkow, Michal"]
[Result "1-0"]
[WhiteElo "2633"]
[BlackElo "2628"]
[Annotator "Roiz,M"]
[PlyCount "69"]
[EventDate "2018.05.12"]
[EventType "tourn"]
[EventRounds "9"]
[EventCountry "POL"]
[EventCategory "16"]
[SourceTitle "CBM 185"]
[Source "ChessBase"]
[SourceDate "2018.07.13"]
[SourceVersion "1"]
[SourceVersionDate "2018.07.13"]
[SourceQuality "1"]

1. e4 c5 2. Nf3 Nc6 3. Bb5 e6 4. O-O Nge7 5. d4 cxd4 6. Nxd4 Qb6 7. Nxc6 Nxc6 (
{The most popular is} 7... bxc6 {, but the resulting pawn structure mostly
suits White. For instance,} 8. Bd3 Ng6 9. c4 Be7 10. Nc3 O-O 11. Rb1 Qc7 12.
Be3 e5 13. g3 $14 {Caruana,F - Gelfand,B Elancourt 2013}) 8. Bd3 {This retreat
looks somewhat premature.} ({A more promising try might be} 8. Nc3 $1 Be7 (8...
a6 9. Be3 Qc7 10. Bd3 b5 11. f4 {is about the same.}) 9. Be3 Qc7 10. f4 a6 11.
Bd3 b5 12. Qh5 {obtainnig decent attacking prospects.}) 8... Be7 9. Nc3 $146 {
This natural move is a novelty.} ({One preceding game saw} 9. Kh1 O-O 10. f4
Rd8 11. Nd2 d5 {Vasquez Schroder,R - Frick,R Baku 2016, Black was OK.}) 9...
O-O {In comparison to the above-mentioned note, now the Bc1 is tied to
protecting the pawn.} 10. Kh1 Rd8 $1 {As result of White's somewhat slow play
Black manages to solve his space problems.} 11. f4 d5 12. exd5 ({In the event
of} 12. e5 Nb4 13. Rf3 (13. Be2 $6 d4 14. Ne4 Qc6 $15) 13... Nxd3 14. Rxd3 Qc6
15. Be3 b6 $132 {Black would have a comfortable position à la French, when
his opponent's light-squared bishop is gone.}) 12... Nb4 {Obviously,
liquidating the strong bishop is Black's undenieble achievment.} ({Another
possibility was} 12... exd5 $5 13. Qh5 g6 14. Qf3 Nd4 15. Nxd5 Nxf3 16. Nxb6
axb6 17. Rxf3 Bf6 $44) 13. dxe6 Bxe6 14. Qe2 Nxd3 15. cxd3 Bf6 {The powerful
bishops provide GM Krasenkow with excellent play.} 16. f5 Bd5 17. Be3 Qa6 18.
Rad1 {White has few weaknesses, and it looks like GM Piorun has to play
precisely in order to maintain the balance.} Bc6 19. Rd2 h6 (19... Re8 $5 20.
Qf2 Rad8 21. Bxa7 Bxc3 22. bxc3 Rxd3 {would have put White under pressure,
even though a draw seems the most probable result here.}) 20. Rfd1 Rd7 21. Qg4
Kh7 {This prophylactic move wasn't necessary.} ({After} 21... Re8 $1 22. Bxh6
Rd4 23. Bf4 Be5 24. Rf2 Qb6 {Black would have full compensation for the
missing material, to say the least.}) 22. d4 Re8 23. Qg3 ({A more precise move
was} 23. Bg1 Rde7 24. Qg3 {, maintaining the tension.}) 23... Qc4 24. h3 b5 $1
{Now GM Krasenkow manages to regain the pawn.} 25. d5 Bxc3 26. bxc3 Rxd5 27.
Rxd5 Bxd5 28. Bd4 g5 $6 {The first step in the wrong direction - there was no
reason for such an exposing move.} ({After} 28... Rg8 29. Bxa7 Qxa2 30. Bd4 g6
31. Qf2 gxf5 32. Qxa2 Bxa2 {Black would even have a symbolic advantage, though
it's a dead draw.}) 29. fxg6+ fxg6 30. Re1 ({In the event of} 30. Rd2 g5 31.
Kg1 b4 32. Qd6 Qc6 $1 33. Qxc6 Bxc6 34. cxb4 a6 {White wouldn't get real
winning chances.}) 30... Qc6 $6 {This inaccurate move invites fresh troubles.}
({The correct move was} 30... Qc8 31. Rf1 Re2 $11) 31. Rf1 Qe6 $6 ({In
comparison to the above-mentioned note,} 31... Re2 $2 {runs into} 32. Rf8 $1
Bxg2+ 33. Kg1 g5 34. Rf7+ Kg8 35. Rf6 $18) ({However, one possiblility was} 
31... Bxa2 $1 32. Rf6 Qe4 33. Qc7+ Qe7 34. Qc6 Be6 {, and Black should be able
to neutralise the acitivity of his opponent's pieces.}) 32. Kh2 $1 {Now the
Qg3 isn't tied to protecting the Ph3.} g5 (32... Qe4 33. Rf6 Re7 34. Rf8 $16)
33. h4 {Now Krasenkow's position is very dangerous, but the limited material
balance leaves Black some drawing chances.} Qe4 34. hxg5 Rg8 $2 {Alas, Michal
doesn't manage to withstand the pressure.} ({After} 34... Qg6 35. Qc7+ Kg8 36.
Qd7 Bc6 37. Qh3 Re2 38. Rf6 Qe4 39. Bf2 h5 $16 {the result would still be
unpredictable.}) 35. g6+ 1-0

[Event "RUS-ch qual 57th"]
[Site "St Petersburg"]
[Date "2004.05.30"]
[Round "9"]
[White "Belov, Vladimir"]
[Black "Dobrov, Vladimir"]
[Result "1-0"]
[WhiteElo "2543"]
[BlackElo "2477"]
[Annotator "Roiz,M"]
[PlyCount "95"]
[EventDate "2004.05.21"]
[EventType "swiss"]
[EventRounds "9"]
[EventCountry "RUS"]
[SourceTitle "CBM 102"]
[Source "ChessBase"]
[SourceDate "2004.09.23"]
[SourceVersion "1"]
[SourceVersionDate "2004.09.23"]
[SourceQuality "1"]

1. e4 c5 2. Nf3 Nc6 3. Bb5 e6 4. Bxc6 {That continuation leads to a long
strategical play. White is usually trying to exploit his space advantage for
active operations on the kside,while black is trying to open up the position
in order to make his bishops more powerful.} bxc6 5. b3 {White is intending to
put pressure on g7 over the long diagonal.} ({Another flexible continuation is:
} 5. d3 Ne7 6. Ng5 ({or} 6. Qe2)) 5... f6 {Usually black trasfers his kside
knight to g6 via e7,but that move leaves him also an idea of Ng8-h6.} (5... d5
6. Qe2 Ne7 7. Ba3 Ng6 8. O-O Qa5 9. Bb2 Bd6 10. Bxg7 Nf4 11. Qe3 Rg8 12. e5
Nxg2 13. Qh6 Ne1 14. exd6 Nxf3+ 15. Kh1 Ba6 16. d3 $13 {1-0 Sutovsky,
E-Nakamura,H/Pamplona ESP 2003 (40)}) (5... Ne7 6. Bb2 Ng6 7. h4 h5 8. e5 (8.
g3 f6 9. d4 cxd4 10. Qxd4 Qb6 11. Qd3 Bb4+ 12. Nbd2 Ba6 13. c4 O-O 14. Qxd7
Rad8 15. Qxe6+ Rf7 16. c5 Qxc5 17. Rc1 Qa5 18. Rc2 Qxa2 19. Kd1 Qb1+ 20. Bc1
Be2+ 21. Kxe2 Qxc2 22. Rd1 Qd3+ {0:1, A. Karlsson - I. Rogers, Reykjavik 2000})
8... c4 $6 {Ein keckes Bauernopfer zwecks Öffnung der Stellung für das
schwarze Läuferpaar dessen Korrektheit indes fraglich erscheint.} (8... Be7 9.
Nc3 (9. d3 f6 10. Nbd2 d5 11. exd6 Qxd6 12. g3 e5 13. Qe2 Bg4 14. Qe4 Nf8 15.
Nh2 Be6 16. Rg1 Bf7 17. O-O-O Qd5 18. f4 exf4 19. gxf4 $14 {0-1 Relange,
E-Ciemniak,R/Buenos Aires 1992/EXT 97 (44). (44)}) 9... f6 10. Ne4 Kf7 11. d3
Qc7 12. Qe2 a5 13. a4 Rb8 14. O-O Nxe5 15. Bxe5 fxe5 16. Neg5+ Bxg5 17. Nxe5+
Ke8 18. hxg5 d6 19. Ng6 Rh7 20. Qe4 Rb4 21. c4 Qf7 22. Ne5 {1-0 Svetushkin,
D-Stoumbos,K/Korinthos 2001/EXT 2002 (22).}) 9. bxc4 Rb8 10. Bc3 c5 11. d3 Be7
12. Nbd2 f5 {[#]} 13. g3 (13. exf6 gxf6 14. Qe2 Kf7 15. O-O Bb7 16. Rfe1 Qc7
17. Qe3 Rbg8 18. Ne4 e5 19. Bb2 d6 20. c3 Nf4 21. Ng3 f5 $17 {0-1 German,
P-Milos,G/Buenos Aires 1997/CBM 58 ext (39). (39)}) 13... Bb7 14. Qe2 Qb6 15.
Rg1 Qc6 16. a4 Ba8 17. Nh2 Rh6 18. f4 $16 {0-1 McShane,L-Grischuk,A/Istanbul
2003/CBM 96/[Meyer,CD] (58)}) (5... d6 6. O-O (6. e5 dxe5 7. Nxe5 Qg5 8. Nf3
Qxg2 9. Rg1 Qh3 10. Bb2 f6 11. Qe2 e5 12. Na3 Ne7 13. O-O-O Ng6 14. d4 cxd4 15.
Nxd4 Bd7 16. Rg3 Qh6+ 17. Kb1 $36 {1-0 Hracek,Z-Araslanov,F/Pardubice 1993/TD 
(27)}) 6... e5 7. c3 f5 8. exf5 Nf6 9. d4 e4 10. Ng5 d5 11. f3 h6 12. Ne6 Bxe6
13. fxe6 Bd6 14. fxe4 dxe4 $132 {0-1 Sarthou,G-Bacrot,E/Belfort FRA 2004 (38)})
6. Nh4 $5 $146 {An interesting new idea. White is trying to use some
development advantage and provokes g7-g6 which would weaken black's kside.} ({
Before white has tried:} 6. Ba3 Nh6 7. d4 Qa5+ 8. c3 cxd4 9. Bxf8 Rxf8 10. b4
Qb6 11. Nxd4 a5 12. bxa5 Qb2 13. Nb3 Ba6 14. Nc5 Kf7 15. Nd2 Qxc3 $15 {1/2-1/2
Gelfand,B-Lautier,J/Plovdiv 2003/CBM 98 no vc (37)}) (6. O-O Nh6 (6... e5 $6 7.
c3 (7. Nh4 $142 g6 8. f4 $36) 7... d5 8. Qe2 dxe4 9. Qxe4 Qd5 10. Qe3 Bg4 11.
c4 Qe6 12. h3 Bh5 13. Re1 Ne7 14. Nc3 Nf5 15. Qe4 Bg6 $11 {0-1 Borgo,
G-Miladinovic,I/Jesolo 1999/EXT 2001 (26)}) 7. d4 Nf7 8. Ba3 cxd4 9. Bxf8 Kxf8
10. Qxd4 (10. Nxd4 Bb7 11. Nc3 c5 12. Nde2 g6 13. Qd3 Kg7 14. Rad1 Bc6 15. Nf4
Re8 16. Qg3 Qe7 $11 {0-1 Ehlvest,J-Sveshnikov,E/Podolsk 1993/CBM 38 (43)})
10... e5 11. Qd2 d5 12. Nc3 dxe4 13. Qxd8+ Nxd8 14. Nxe4 Bf5 15. Rfe1 Ne6 $11 {
0-1 Belkhodja,S-Sveshnikov,E/Dubai 2002/CBM 87 ext (64)}) (6. Bb2 Nh6 7. O-O
Be7 8. d3 O-O 9. e5 fxe5 10. Nxe5 Bf6 11. Nd2 d6 12. Nec4 Bxb2 13. Nxb2 e5 $15
{0-1 Drabke,L-Czebe,A/Baden 2000/EXT 2001 (45)}) 6... g6 $6 {In my opinion
that move can hardly be recommended,as it allows white to start an immediate
attack while all black's pieces are not developed.} ({Wrong is also} 6... Ne7
$6 7. Bb2 d5 (7... e5 8. f4 d6 9. fxe5 dxe5 (9... fxe5 10. O-O $16) 10. d3 $16
{[%csl Rc5,Rc6]}) 8. Qh5+ g6 9. Qf3 $16) ({The best seems to be:} 6... Nh6 $142
7. d3 Nf7 8. f4 Be7 9. O-O O-O $14 {with a slighty passive,but solid position.}
) 7. Bb2 ({Deserves attention also:} 7. f4 $5 d5 8. d3) 7... e5 $6 {Now
white's development advantage is obvious,as any black piece is not developed
yet.} ({Maybe it's was better to trade the queens:} 7... d5 8. d3 (8. e5 $5 f5
9. Nf3 $14) 8... dxe4 9. dxe4 Qxd1+ 10. Kxd1 $14 {[%csl Rc5,Rc6] although
white's chances here are clearly better due to weak pawns c6 and c5.}) ({
Another opportunity was:} 7... Bg7 8. f4 Ne7 9. O-O O-O 10. d3 d5 (10... d6 11.
e5) 11. Nd2 $14 {with a stable positional advantage of white.}) 8. f4 ({
There was no reason to hurry-after} 8. O-O d5 {(otherwise white would also
push f2-f4)} 9. f4 {white's initiative is very strong.}) 8... exf4 ({After} 
8... d6 9. O-O Bg7 10. Na3 $1 {black has a serious difficulties with
development of his kside} {,as} Ne7 {fails to} 11. fxe5 $16) 9. O-O Qc7 ({
After an original attempt to defend on f4} 9... Bd6 {[%cal Gd6e5] white has a
strong opportunity of:} 10. Nf3 Nh6 11. Qe1 $1 {[%csl Rf6][%cal Ge1h4]} Nf7 12.
e5 fxe5 13. Nxe5 Bxe5 (13... O-O 14. Ng4 Be7 15. Rxf4 $14) 14. Bxe5 O-O 15.
Bxf4 $14) 10. Na3 Ba6 {Preventing Na3-c4.But white's knight can be also
transfered via c2,while Ba6 will be completely out of play.} 11. c4 Bg7 ({After
} 11... Bd6 12. Nf3 $1 {[%cal Ge4e5]} O-O-O 13. Nc2 Re8 14. d3 $44 {[%csl Ra6,
Rg8][%cal Gd1d2,Ga2a3,Gb3b4] White has an excellent compensation for a pawn.
Black's main problem is a deficit of counterplay.}) 12. d4 $1 {Just in time!
That breakthrough is very effective while black's kside is not developed.} cxd4
13. Qxd4 Nh6 {Black is transfrering his knight to e5,there it will defend Pd7
and neutralize the pressure of Bb2.} (13... Ne7 $6 14. Rad1 Rd8 15. Nc2 O-O 16.
Ba3 Rfe8 17. Bd6 $16) 14. Rad1 Ng4 15. Nc2 $36 {[%csl Rd6,Rd7][%cal Gb2a3]
White's compensation for a pawn is obvious,as black has many weaknesses,while
his pieces are not coordinated.} Qb6 $1 {A trade of queens will allow black to
defend his weak pawns and consolidate somehow the pieces.} ({Black could't
keep his extra pawn:} 15... Ne5 16. Rxf4 g5 $2 17. Nf5 gxf4 18. Nxg7+ Kf7 19.
Nf5 Qb6 (19... f3 20. Nd6+ Kg6 21. Qf2 $18) 20. c5 Qc7 21. Nd6+ {with a
decisive attack.}) 16. Rxf4 Ne5 17. Rf2 ({Deserved attention also:} 17. Nf3 $5
{exchenging black's best piece} Rd8 18. Qxb6 axb6 19. Nxe5 fxe5 20. Rf3 $14 {
[%csl Ra6,Rd6,Rd7]}) 17... c5 (17... Qxd4 18. Bxd4 d6 19. Bb2 Rd8 20. Ba3 Nf7
$14) 18. Qd2 O-O {At least black's monarch is more or less safe now.} 19. Ne3 {
[%csl Rd5][%cal Ge3d5]} Qe6 $6 {The queen is placed well now-here it controls
a lot of important squares. Black is also intending to improve the placement
of his Ba6. But that move gives white an opportunity of winning a pawn.} ({
Besides,there was another plan of regrouping:} 19... Rae8 $5 20. Nd5 Qc6 21.
Rdf1 Bb7 $1 $14 {and it's not easy for white to break black's solid position.})
20. Nd5 $6 {That natural move letting black to consolidate the position.} ({
Much stronger was:} 20. Bxe5 $1 Qxe5 21. Qxd7 $1 Rae8 ({the point is that} 
21... Qxe4 $2 {fails to} 22. Nef5 $3 gxf5 23. Nxf5 Rf7 24. Qxf7+ Kxf7 25. Nd6+
$18) 22. Nf3 Qxe4 23. Nd5 $16 {[%csl Ra7,Rc5,Gd5]}) 20... Rac8 {It necessary
to take control on spot c7.} 21. Nf3 Ng4 $6 {There was no reason to remove the
knight from the best square.} ({After the correct} 21... Bb7 $142 22. Nxe5 fxe5
23. Rdf1 d6 24. Qg5 Bxd5 25. cxd5 Qd7 $14 {black has a good chances of
successful defence.}) 22. Re2 Bh6 $2 {After that move black loses a pawn
without getting any compensation.} ({It was necessary to neutralize the power
of white's next move:} 22... Bb7 $142 23. Nf4 Qb6 24. Qd6 Qxd6 25. Rxd6 Rf7 $14
) 23. Qa5 $1 {Now the loss of Pa7 is unavoidable.} Bb7 24. h3 Ne5 25. Bxe5 $6 {
White is trying to avoid any possible complications,but that gives black good
counterchances.} ({Much stronger was:} 25. Nxf6+ Qxf6 (25... Rxf6 26. Nxe5 Rf4
27. Nxd7) 26. Bxe5 Qe6 27. Qxa7 Bc6 (27... Rxf3 28. Qxb7) 28. Bd6 Rxf3 29. gxf3
Qxh3 30. Rd3 $18) 25... fxe5 26. Qxa7 Bxd5 $1 (26... Rxf3 27. Qxb7 Rff8 28. Rf2
$18) 27. exd5 $2 {As it usually happens,white makes a second mistake in a row.
Now black's Pe5 become very powerful.} ({White had to continue:} 27. Rxd5 $142
Rxf3 28. gxf3 Qxh3 29. Rd3 Qg3+ (29... Rf8 30. Rf2 Bg5 31. Qxc5 Qg3+ 32. Kf1
Bh4 33. Ke2 Qg1 34. Rd1 $18) 30. Kf1 Qh3+ (30... Rf8 31. Rf2) 31. Rg2 Rf8 (
31... Qh1+ 32. Rg1 Qh3+ 33. Ke1 Qh4+ 34. Kd1 Qh2 35. Re1 Rf8 36. Qxd7 Qxa2 37.
Qe6+ Rf7 (37... Kh8 38. Qxe5+ Kg8 39. Qd5+ Kh8 40. e5 $18) 38. Rd8+ Bf8 39. Re3
Qa1+ 40. Ke2 Qg1 41. Rd7 $18) 32. Kf2 {and white's material advantage should
decide the game.}) 27... Qd6 28. Qa5 {That loss of time is necessary,as
white's queen was in danger.} (28. Nxe5 $2 Bg7 {[%csl Ra7]} 29. Nxd7 (29. Rde1
$2 Bxe5 30. Rxe5 Ra8 31. Qb7 Rfb8 $19) 29... Rf7 30. Qb6 Qxd7 $132) 28... e4
$132 29. Nh2 Rf4 {That move allows white to swap the rooks.} ({I would prefer:
} 29... Bf4 $1 30. Nf1 Rce8 31. Rde1 (31. Qe1 Qe5) 31... Be5 $1 $132 {[%cal
Ge5d4] and black's counterplay cannot be understated.}) 30. Rf1 Qe5 31. Qe1
Rcf8 $4 {That is a blunder of the key pawn.} ({After} 31... Qd4+ 32. Kh1 Re8
33. Ng4 Rxf1+ 34. Qxf1 Bg5 $132 {white can hardly make progress,as all black's
pieces are very active.}) 32. Rxf4 Rxf4 33. g3 $1 {That is what black has
probably overlooked-white wins a second pawn.} Rf7 ({Hopeless was also:} 33...
Qg5 34. Kh1 Rf8 35. Rxe4 $18) 34. Rxe4 $18 Qf5 35. Ng4 {White's next goal is
swapping the rooks,after which black couldn't create any threats.} Bg7 36. Re8+
Rf8 37. Rxf8+ Qxf8 38. Kg2 h5 39. Nh2 Qf5 40. Nf3 g5 41. Qe8+ Bf8 42. Qe2 ({
Good enough was also} 42. Qxh5 Qc2+ 43. Kf1 Qd1+ 44. Kf2 Qc2+ 45. Ke3 Qc3+ 46.
Ke2 Qb2+ 47. Nd2 Qe5+ 48. Kd1 Qa1+ 49. Kc2 Qxa2+ 50. Kd3 $18) 42... Bd6 43. Qd2
(43. Nd2 h4 (43... Qc2 44. Qe3 Be7 45. a4 $18) 44. Ne4 Bxg3 45. Nxg3 hxg3 46.
a4 $18) 43... Be7 44. Qe2 Bf6 45. Ne1 g4 46. hxg4 hxg4 47. Nd3 Bd4 48. Nf4 1-0